00458nam a2200109Ia 4500008004100000245009300041260000900134300008900143650002500232999001900257952007200276180130s9999 xx 000 0 und d cBurns, Mary B.; Moffitt, Kevin C.aAutomated deception detection of 911 call transcripts c2016 aBook title: Computer and information security--Acession number C20546; pages 160-168 aINFORMATION SECURITY c354120d354120 001040aCLbCLd2018-01-30l0r2018-01-30 00:00:00w2018-01-30yBC